Top 30 Città più popolose Oceania - Statistics

Statistiche generali
  • Questo quiz è stato fatto 50 volte
  • Il punteggio medio è 10 su 30
Statistiche sulle risposte
Popolazione Nazione Città % Corretto
462 984 Australia Canberra-Queanbeyan
95%
5 361 466 Australia Sydney
95%
439 200 Nuova Zelanda Wellington
95%
5 096 298 Australia Melbourne
88%
2 099 530 Australia Perth
76%
364 145 Papua Nuova Guinea Port Moresby
71%
1 715 600 Nuova Zelanda Auckland
69%
1 359 087 Australia Adelaide
62%
2 495 825 Australia Brisbane
57%
132 921 Australia Darwin
43%
392 100 Nuova Zelanda Christchurch
33%
136 771 Polinesia Francese Papeete
33%
390 738 Stati Uniti Honolulu
29%
218 386 Australia Hobart
21%
179 509 Nuova Caledonia Noumèa
14%
133 300 Nuova Zelanda Dunedin
12%
505 489 Australia Newcastle-Maitland
12%
718 772 Australia Gold Coast
10%
100 677 Papua Nuova Guinea Lae
10%
312 167 Australia Wollongong
10%
155 529 Australia Cairns
7%
178 500 Australia Hamilton
7%
287 704 Australia Geelong
5%
353 906 Australia Sunshine Coast
5%
184 271 Australia Townsville
5%
155 200 Nuova Zelanda Tauranga
2%
140 303 Australia Toowoomba
2%
111 348 Australia Ballarat
0%
103 575 Australia Bendigo
0%
338 567 Australia Central Coast
0%
Nessun quiz corrispondente trovato
Distribuzione punteggi
Percentuale di utenti per punteggio
Percentile per numero di risposta
I tuoi punteggi nel tempo
Non hai fatto questo quiz